000 00439nab a2200145Ia 4500
003 ES-SlBCS
005 20210601130452.0
008 140529s1976 xxu||||| |||| 00| 0 fre d
041 _afre
100 1 _aMoreau, Joseph
_919057
245 0 0 _aMichele Federico Sciacca et Louis Lavelle
_c Joseph Moreau
600 1 _aSciacca-Lavelle, Louis
_9173347
773 0 _tGiornali di Metafisica
_gvol. 31, 1976, págs. 595-603
_w0017-0372
942 _cAR
999 _c547190
_d547190